Le non-recours aux services sociaux dans le cadre des expulsions locatives (notice n° 1591959)
[ vue normale ]
| 000 -LEADER | |
|---|---|
| fixed length control field | 01180cam a2200217 4500500 |
| 005 - DATE AND TIME OF LATEST TRANSACTION | |
| control field | 20251228065642.0 |
| 041 ## - LANGUAGE CODE | |
| Language code of text/sound track or separate title | fre |
| 042 ## - AUTHENTICATION CODE | |
| Authentication code | dc |
| 100 10 - MAIN ENTRY--PERSONAL NAME | |
| Personal name | Grand, David |
| Relator term | author |
| 245 00 - TITLE STATEMENT | |
| Title | Le non-recours aux services sociaux dans le cadre des expulsions locatives |
| 260 ## - PUBLICATION, DISTRIBUTION, ETC. | |
| Date of publication, distribution, etc. | 2022.<br/> |
| 500 ## - GENERAL NOTE | |
| General note | 30 |
| 520 ## - SUMMARY, ETC. | |
| Summary, etc. | Comment expliquer que des habitants en situation d’expulsion locative pour impayés de loyer ne recourent pas aux services sociaux alors qu’ils ont été interpellés par ces derniers ? C’est ce que le présent article, sur la base d’une enquête auprès des principaux intéressés, souhaite donner à voir en dépliant les formes du non-recours, ceci pour questionner les publics, les pratiques des intervenants sociaux mais aussi leur institution. |
| 690 ## - LOCAL SUBJECT ADDED ENTRY--TOPICAL TERM (OCLC, RLIN) | |
| Topical term or geographic name as entry element | expulsions locatives pour impayés de loyer |
| 690 ## - LOCAL SUBJECT ADDED ENTRY--TOPICAL TERM (OCLC, RLIN) | |
| Topical term or geographic name as entry element | institution |
| 690 ## - LOCAL SUBJECT ADDED ENTRY--TOPICAL TERM (OCLC, RLIN) | |
| Topical term or geographic name as entry element | Non-recours |
| 690 ## - LOCAL SUBJECT ADDED ENTRY--TOPICAL TERM (OCLC, RLIN) | |
| Topical term or geographic name as entry element | pratiques professionnelles |
| 690 ## - LOCAL SUBJECT ADDED ENTRY--TOPICAL TERM (OCLC, RLIN) | |
| Topical term or geographic name as entry element | public |
| 786 0# - DATA SOURCE ENTRY | |
| Note | VST - Vie sociale et traitements | 155 | 3 | 2022-07-29 | p. 87-92 | 0396-8669 |
| 856 41 - ELECTRONIC LOCATION AND ACCESS | |
| Uniform Resource Identifier | <a href="https://shs.cairn.info/revue-vie-sociale-et-traitements-2022-3-page-87?lang=fr&redirect-ssocas=7080">https://shs.cairn.info/revue-vie-sociale-et-traitements-2022-3-page-87?lang=fr&redirect-ssocas=7080</a> |
Pas d'exemplaire disponible.




Réseaux sociaux